Guess the dinosaurio - Estadísticas

Estadísticas generales
  • Esta prueba ha sido intentada 191 veces
  • La puntuación promedio es 6 de 20
Estadísticas de respuestas
Imagen Respuesta % Correcto
Triceratops
86%
Espinosaurio
68%
Estegosaurio
66%
Diplodocus
65%
Velociraptor
50%
Anquilosaurio
43%
Alosaurio
42%
Braquiosaurio
41%
Concavenator
32%
Dilofosaurio
30%
Parasaurolofus
29%
Therizinosaurus
27%
Apatosaurio
23%
Protoceratops
23%
Amargasaurus
22%
Arqueópterix
18%
Stygimoloch
15%
Tiranousaurio Rex
15%
Gallimimo
11%
Mamenchisaurus
11%
Nigersaurus
11%
Deinocheirus
10%
Iguanodonte
9%
Leptoceratops
6%
Halszkaraptor
2%
Mamenquisaurio
0%
No se encontraron pruebas coincidentes
Distribución de puntuación
Porcentaje de gente con cada puntuación
Porcentaje por número respondido
Historial de tus puntuaciones
No has intentado esta prueba.